00724nam a2200169 a 450000100080000000500110000800800410001910000250006024500510008526000260013630000100016252003250017265000110049765000100050865000130051865300230053112189242015-05-11 1985 bl uuuu u0uu1 u #d1 aFREITAS, M. A. R. de aPrograma integrado de pesquisabgado de leite. aSão Paulo: CPAc1985 a19 p. aDe maneira geral, os principais problemas na produção leiteira se resumem na baixa produtividade do rebanho. Com altos índices de mortalidade, principalmente de bezerros, baixa fertilidade, ocorrência de doenças e desfavorável estado nutricional, assim como na qualidade do leite, relacionada a higiene na ordenha. aBovino aLeite aPesquisa aPrograma integrado